| 000 | 01271nam a2200313 c 4500 | ||
|---|---|---|---|
| 999 |
_c46049 _d46049 |
||
| 003 | BLK | ||
| 005 | 20230331115345.0 | ||
| 008 | 180408b bul|||||r ||||||| ||bul|| | ||
| 010 | _aKNG00049852000 | ||
| 020 | _a954-8004-99-2 | ||
| 040 | _aBLK | ||
| 041 |
_aBUL _cBUL |
||
| 080 |
_aАнглийска литература _b821.111 _x-312.4 _z821.111-312.4 |
||
| 100 | 1 |
_aЧейс, Джеймс Хадли _eпърви автор _9241644 |
|
| 139 |
_aЧейс, Джеймс Хадли _bЧ 49 |
||
| 245 | 1 | 0 |
_aДай ми смокинов лист _bКримин. роман _cДжеймс Хадли Чейс; прев. от англ. Владимир Германов. |
| 257 | _aGBR | ||
| 260 |
_aСофия _bАбагар Холдинг _c1993 _fВ. Търново : Абагар _n954-8004-99-2 |
||
| 300 |
_a208 с. _c20 см |
||
| 380 | _aX | ||
| 490 |
_aБиблиотека Трилър _9201908 |
||
| 500 | _aОриг. загл. Hand Me A Fig Leaf / James Hadley Chase. - Офс. изд. - 20 150 тир. | ||
| 700 | 1 |
_aГерманов, Владимир _eпрев. от англ. _9363432 |
|
| 852 |
_aЦб 171777 _bЦб |
||
| 856 | 4 |
_qpdf _i0.00 _ldisable |
|
| 856 | 4 |
_qpdf _i0.00 _ldisable |
|
| 942 |
_cKNG _n0 _s1 |
||
| 944 |
_aCR _c05.05.2005 _kЛюдмила_Стоянова |
||
| 944 |
_aED _c09.05.2005 |
||
| 999 | _d46049 | ||
| 999 | _d46049 | ||
| 999 | _d46049 | ||